Statistics for Top 100 Boys Names in th US from the 1990's

Click here to take the quiz!

General Stats

  • This quiz has been taken 2,063 times
  • The average score is 55 of 100

Answer Stats

HintAnswer% Correct
MMichael
95%
JJohn
93%
JJames
92%
DDavid
90%
MMatthew
89%
WWilliam
89%
DDaniel
87%
TThomas
87%
AAndrew
86%
CChristopher
85%
PPaul
82%
PPeter
82%
RRobert
82%
JJack
81%
JJose
81%
MMark
79%
SSteven
78%
AAlex
77%
AAlexander
77%
CCharles
77%
JJacob
77%
NNathan
77%
RRichard
76%
ZZachary
75%
JJoshua
74%
NNicholas
74%
TTimothy
73%
AAdam
72%
BBenjamin
72%
JJason
72%
JJoseph
72%
KKevin
72%
SSamuel
72%
JJustin
70%
AAnthony
69%
RRyan
69%
EEthan
67%
AAaron
66%
EEdward
66%
BBrian
65%
LLuke
65%
JJonathan
64%
KKyle
63%
TTyler
61%
BBrandon
60%
PPatrick
59%
EEric
58%
JJeremy
58%
VVictor
57%
IIan
56%
JJordan
55%
LLucas
55%
NNoah
55%
SShawn
54%
IIsaac
51%
CChristian
50%
SSean
50%
BBradley
49%
EEvan
49%
GGregory
49%
DDylan
47%
KKenneth
45%
JJeffrey
44%
NNathaniel
43%
SScott
43%
TTaylor
43%
CCameron
42%
CConnor
42%
MMarcus
40%
LLogan
39%
LLuis
38%
CCaleb
37%
JJuan
37%
SStephen
37%
JJesse
35%
DDerek
33%
AAustin
32%
CCarlos
32%
TTrevor
31%
CCorey
30%
GGabriel
30%
JJesus
29%
AAdrian
28%
CCody
28%
JJared
27%
BBlake
26%
BBryan
26%
MMitchell
26%
SSeth
26%
TTravis
26%
SShane
25%
HHunter
23%
DDevin
22%
CChase
20%
DDustin
18%
MMiguel
18%
AAntonio
16%
GGarrett
14%
SSpencer
13%
DDakota
5%

Score Distribution

Percentile by Number Answered

Percent of People with Each Score

Your Score History

You have not taken this quiz